Trabajamos para mejorar la calidad educativa : Área de Educación Área de Educación
Descripción Física:
[6] p. ; 21 cm
MARC
| LEADER | 00000nam a2200000Ia 4500 | ||
|---|---|---|---|
| 001 | 23104 | ||
| 008 | 160829s2009 xx 000 0 cat d | ||
| 080 | |a FU-59-25 | ||
| 245 | |a Trabajamos para mejorar la calidad educativa : |b Área de Educación | ||
| 260 | |a Barcelona : |b Diputació de Barcelona. Àrea d'Educació, |c 2009 | ||
| 300 | |a [6] p. ; |c 21 cm | ||
| 590 | |a A la coberta: Buenos servicios para los ayuntamientos, más bienestar para la ciudadanía | ||
| 610 | 0 | |a Barcelona (Catalunya : Província). |b Àrea d'Educació |9 8009 | |
| 650 | 0 | |a Educació |z Barcelona (Província} |9 40056 | |
| 710 | |a Barcelona (Catalunya : Província). |b Àrea d'Educació |9 8009 | ||
| 901 | |a Arxiu | ||
| 942 | |n 1 | ||
| 952 | |0 0 |1 0 |4 0 |6 FU5925 |7 1 |9 51767 |a Arxiu |b Arxiu |d 2016-12-01 |l 0 |o FU-59-25 |p 23104 |r 2016-12-01 00:00:00 |w 2016-12-01 |y ARXIU | ||
| 999 | |c 55613 |d 55613 | ||